Physical geography: A human perspective (Record no. 144538)

MARC details
000 -LEADER
fixed length control field 00367nam a2200145Ia 4500
008 - FIXED-LENGTH DATA ELEMENTS--GENERAL INFORMATION
fixed length control field 230917s9999||||xx |||||||||||||| ||und||
040 ## - CATALOGING SOURCE
-- 124251
Original cataloging agency VIVEKANANDA LIBRARY
041 ## - Language
-- English
082 ## - DDC NUMBER
Classification number 910.02 P569P
100 ## - MAIN ENTRY--PERSONAL NAME
Personal name Huggett, Richard
245 #0 - TITLE STATEMENT
Title Physical geography: A human perspective
260 ## - PUBLICATION, DISTRIBUTION, ETC. (IMPRINT)
Place of publication, distribution, etc London
Name of publisher, distributor, etc Hodder Arnold
Date of publication, distribution, etc 2004
300 ## - PHYSICAL DESCRIPTION
Pages 515 p.
942 ## - ADDED ENTRY ELEMENTS (KOHA)
Koha item type Books
Holdings
Withdrawn status Lost status Damaged status Not for loan Location (home branch) Sublocation or collection (holding branch) Shelving location Date acquired Koha issues (times borrowed) Koha full call number Accession No. Koha date last seen Koha item type
        VIVEKANANDA LIBRARY VIVEKANANDA LIBRARY Geography Department 22/07/2009   910.02 P569P 257819 17/09/2023 Books
© Designed and Maintained by Vivekananda Library, MDU Rohtak